书目信息 |
| 题名: |
人类的故事
|
|
| 作者: | 房龙 著 ;白马 译 | |
| 分册: | ||
| 出版信息: | 北京 中央编译出版社 2015.04 |
|
| 页数: | 362页 | |
| 开本: | 21cm | |
| 丛书名: | 世界名著典藏 | |
| 单 册: | ||
| 中图分类: | Q98-49 , K109 , K1-49 | |
| 科图分类: | ||
| 主题词: | 世界史--普及读物 , 世界史--通俗读物 | |
| 电子资源: | ||
| ISBN: | 978-7-5117-2629-2 | |
| 000 | 01356oam2 2200325 450 | |
| 001 | 0120151581837 | |
| 005 | 20160516174245.59 | |
| 010 | @a978-7-5117-2629-2@dCNY20.00 | |
| 100 | @a20150721d2015 em y0chiy50 ea | |
| 101 | 1 | @achi@ceng |
| 102 | @aCN@b110000 | |
| 105 | @aab z 000fy | |
| 106 | @ar | |
| 200 | 1 | @a人类的故事@9ren lei de gu shi@dThe story of mankind@f(美)房龙著@g白马译@zeng |
| 210 | @a北京@c中央编译出版社@d2015.04 | |
| 215 | @a362页@c图,照片,地图@d21cm | |
| 225 | 2 | @a世界名著典藏@e名家名译本国际大师插图 |
| 330 | @a《人类的故事》是一部以通俗手法描写人类文明发展史的历史巨著,书中既有宏大而流畅的“大历史”叙述,也有微妙而精彩的人类文明进程中的细节描写,房龙帽人类的起源讲起,在本书中讲述了埃及和美索不达米亚文明的源起、希腊与罗马时代的辉煌,沿着宗教兴起的线索讲述到中世纪社会的发展和演变,从城市的兴起、文艺复兴讲述到世界性的宗教改革和各国的革命,一直到近代,为读者展示了人类历史发展的浩荡长卷。 | |
| 333 | @a一般读者 | |
| 461 | 0 | @12001 @a世界名著典藏 |
| 510 | 1 | @aStory of mankind@zeng |
| 606 | 0 | @a世界史@j普及读物 |
| 606 | 0 | @a世界史@j通俗读物 |
| 690 | @aQ98-49@v5 | |
| 690 | @aK109@v5 | |
| 690 | @aK1-49@v4 | |
| 701 | 0 | @c(美)@a房龙@9fang long@c(Van Loon, Hendrik Willem@f1882-1944)@4著 |
| 702 | 0 | @a白马@9bai ma@f(1966-)@4译 |
| 801 | 0 | @aCN@b人天书店@c20150721 |
| 905 | @b876934-39@dK1-49@e92-3@f6 | |
| 人类的故事=The story of mankind/(美)房龙著/白马译.-北京:中央编译出版社,2015.04 |
| 362页:图,照片,地图;21cm.-(世界名著典藏:名家名译本国际大师插图) |
| 使用对象:一般读者 |
| ISBN 978-7-5117-2629-2:CNY20.00 |
| 《人类的故事》是一部以通俗手法描写人类文明发展史的历史巨著,书中既有宏大而流畅的“大历史”叙述,也有微妙而精彩的人类文明进程中的细节描写,房龙帽人类的起源讲起,在本书中讲述了埃及和美索不达米亚文明的源起、希腊与罗马时代的辉煌,沿着宗教兴起的线索讲述到中世纪社会的发展和演变,从城市的兴起、文艺复兴讲述到世界性的宗教改革和各国的革命,一直到近代,为读者展示了人类历史发展的浩荡长卷。 |
| ● |
| 相关链接 |
|
|
|
|
正题名:人类的故事
索取号:K1-49/92-3
 
预约/预借
| 序号 | 登录号 | 条形码 | 馆藏地/架位号 | 状态 | 备注 |
| 1 | 876934 | 208769340 | 第二样本阅览室/ [索取号:K1-49/92-3] | 在馆 | |
| 2 | 876935 | 208769359 | 教育系资料室/ [索取号:K1-49/92-3] | 在馆 | |
| 3 | 876936 | 208769368 | 教育系资料室/ [索取号:K1-49/92-3] | 在馆 | |
| 4 | 876937 | 208769377 | 教育系资料室/ [索取号:K1-49/92-3] | 在馆 | |
| 5 | 876938 | 208769386 | 第二借阅区/ [索取号:K1-49/92-3] | 在馆 | |
| 6 | 876939 | 208769395 | 第二借阅区/ [索取号:K1-49/92-3] | 在馆 |